000 00874aam a2200313 i 4500
001 768714001
003 CO-MdFUSB
005 20250520112606.0
007 ta
008 250520t1983 sp |||| |||| 00| 0 spa d
020 _a84-7228-786-6
040 _cCO-MdFUSB
041 0 _aspa
082 0 4 _223
_a248.4
_bB597d
100 1 _aBillheimer, Paul E.
_eautor
240 _aDestined for the cross
245 1 0 _aDestinados a la cruz
_c/ Paul E. Billheimer ; traducido por Samuel Vila
264 1 _bClie,
_aTerrassa, Barcelona, España :
_c[1983]
264 4 _c©1983
300 _a118 páginas
336 _atexto
_btxt
_2rdacontent
337 _2rdamedia
_asin mediación
_bn
338 _2rdacarrier
_avolumen
_bnc
563 _aRústico
650 0 _aVida cristiana
_919
700 _aVila, Samuel,
_92027
_etraductor
942 _cBK
945 _aJTF-925
999 _c35767
_d35767